000 00483cam a2200205 4500
001 D3664
008 090401t1984 xxu||||| |||| 00| 0 eng d
035 _a(Sirsi) u74373
041 _aeng
050 _a692.5
100 _aWight, H.J.
245 _aFarm building cost guide 1984
250 _a10th
260 _aAberdeen
_bScottish Farm Buildings Investigation Un
_c1984
300 _a80p. 30cm
350 _a4
700 _aClark, J.J
942 _n0
948 _c04/03/1997
999 _c95824
_d95824